Vayam rakshamah/ (Record no. 49265)

000 -LEADER
fixed length control field 00356nam a22001571a 4500
020 ## - INTERNATIONAL STANDARD BOOK NUMBER
ISBN 9788170281351
082 ## - DEWEY DECIMAL CLASSIFICATION NUMBER
Classification number H3
Item number CHA/V
100 ## - MAIN ENTRY--AUTHOR NAME
Personal name Chatursen
245 ## - TITLE STATEMENT
Title Vayam rakshamah/
Statement of responsibility, etc by Chatursen
260 ## - PUBLICATION, DISTRIBUTION, ETC. (IMPRINT)
Place of publication New Delhi:
Name of publisher Rajpal,
Year of publication 1998.
300 ## - PHYSICAL DESCRIPTION
Number of Pages 427p.
650 ## - SUBJECT ADDED ENTRY--TOPICAL TERM
Topical Term Novel Hindi
650 ## - SUBJECT ADDED ENTRY--TOPICAL TERM
Topical Term Literature Hindi
650 ## - SUBJECT ADDED ENTRY--TOPICAL TERM
Topical Term Literature
942 ## - ADDED ENTRY ELEMENTS (KOHA)
Koha item type Book
Holdings
Withdrawn status Lost status Damaged status Not for loan Permanent Location Current Location Date acquired Cost, normal purchase price Full call number Accession Number Cost, replacement price Price effective from Koha item type Shelving location
        Sree Sankaracharya University of Sanskrit Sree Sankaracharya University of Sanskrit 08.01.2015 175.00 H3 CHA/V 044874 0.00 08.01.2015 Book  
        Sree Sankaracharya University of Sanskrit Sree Sankaracharya University of Sanskrit 11.07.2016 90.00 H3 CHA/V 034598   11.07.2016 Book Stacks